| 000 | 01091nam a2200301 a 4500 | ||
|---|---|---|---|
| 001 | 000016445 | ||
| 003 | DO-SdBNP | ||
| 005 | 20220224093604.0 | ||
| 007 | ta | ||
| 008 | 100305s2009 dr 001 0 spa d | ||
| 020 | _a9789945427493 | ||
| 040 |
_aDO-SdBNP _bspa _cBNPHU |
||
| 082 | 4 |
_a344.092 _bR426Le _222 |
|
| 110 | 1 |
_aRepública Dominicana _9447 |
|
| 240 | 1 | 0 | _a[Leyes, etc.] |
| 245 | 1 | 0 | _aLey No. 502-08 del libro y bibliotecas. |
| 246 | 1 | 0 | _aLey del libro y bibliotecas |
| 260 |
_aSanto Domingo : _bSecretaría de Estado de Cultura : _c2009. |
||
| 300 |
_axxiv, 69 p. ; _c22 cm. |
||
| 500 | _aIncluye notas al pie de las páginas | ||
| 581 | _aPublicado en: Gaceta Oficial. Año CXLVI, No. 10502, Santo Domingo de Guzmán, D. N., República Dominicana, 30 de diciembre de 2008. | ||
| 590 | _aInventariado,2018/DG | ||
| 650 | 1 | 4 |
_aBibliotecas _xLegislación _zRepública Dominicana _936651 |
| 650 | 1 | 4 |
_aLibro _xLegislación _zRepública Dominicana _936652 |
| 650 | 1 | 4 |
_aLegislación bibliotecaria _936653 |
| 910 | _aValidado. Control de calidad MMOLINA | ||
| 942 |
_2ddc _cLBS1 |
||
| 999 |
_c15980 _d15980 |
||